000 00642nam a2200253 a 4500
003 AR-BaBNM
005 20251128203128.0
008 082120s2002 ||||||||||||||000 | spa||
040 _cAR-BaBNM
245 0 0 _aNuestros cuentos
260 _aBuenos Aires
_bSociedad Argentina de Escritores
_c1975
300 _a130 p.
490 0 _aTalleres literarios
650 4 _aLITERATURA ARGENTINA
650 4 _aCUENTOS
650 4 _aESCRITORES
650 4 _aANTOLOGIAS
650 4 _aLITERATURA CONTEMPORANEA
653 _aINFLUENCIA CLASICA
655 _aLITERATURA
700 1 _aPla, Roger
_eprologuista
942 _cBK
998 _cMARTIN
999 _c2038
_d2038